<?xml version="1.0" encoding="UTF-8"?>
<record
    xmlns:xsi="http://www.w3.org/2001/XMLSchema-instance"
    xsi:schemaLocation="http://www.loc.gov/MARC21/slim http://www.loc.gov/standards/marcxml/schema/MARC21slim.xsd"
    xmlns="http://www.loc.gov/MARC21/slim">

  <leader>00920cam a22002651  4500</leader>
  <controlfield tag="001">ne 67000926 </controlfield>
  <controlfield tag="003">DLC</controlfield>
  <controlfield tag="005">20260227111832.0</controlfield>
  <controlfield tag="008">850225s1966    le h     b    000 0 arax </controlfield>
  <datafield tag="010" ind1=" " ind2=" ">
    <subfield code="a">ne 67000926 </subfield>
  </datafield>
  <datafield tag="025" ind1=" " ind2=" ">
    <subfield code="a">PL480: VAR-7477</subfield>
  </datafield>
  <datafield tag="035" ind1=" " ind2=" ">
    <subfield code="a">(OCoLC)13885470</subfield>
  </datafield>
  <datafield tag="040" ind1=" " ind2=" ">
    <subfield code="a">DLC</subfield>
    <subfield code="c">NN</subfield>
    <subfield code="d">DLC</subfield>
  </datafield>
  <datafield tag="042" ind1=" " ind2=" ">
    <subfield code="a">premarc</subfield>
  </datafield>
  <datafield tag="050" ind1="0" ind2="0">
    <subfield code="a">PJ7860.I45</subfield>
    <subfield code="b">Z54</subfield>
  </datafield>
  <datafield tag="100" ind1="1" ind2=" ">
    <subfield code="a">R&#x12B;&#x1E25;&#x101;n&#x12B;, Albirt.</subfield>
  </datafield>
  <datafield tag="245" ind1="1" ind2="3">
    <subfield code="a">al-R&#x12B;&#x1E25;&#x101;n&#x12B; wa-mu&#x2BB;&#x101;&#x1E63;ir&#x16B;h,</subfield>
    <subfield code="b">ras&#x101;&#x2BC;il al-udab&#x101;&#x2BC; ilayhi. Jama&#x2BB;ah&#x101; wa-&#x1E25; aqqaqah&#x101; wa-qaddama lah&#x101; Albirt al-R&#x12B;&#x1E25;&#x101;n&#x12B;.</subfield>
  </datafield>
  <datafield tag="260" ind1=" " ind2=" ">
    <subfield code="a">[Bayr&#x16B;t]</subfield>
    <subfield code="b">D&#x101;r al-R&#x12B;&#x1E25;&#x101;n&#x12B; lil-&#x1E6C;ib&#x101;&#x2BB;ah wa-al-Nashr</subfield>
    <subfield code="c">[1966]</subfield>
  </datafield>
  <datafield tag="300" ind1=" " ind2=" ">
    <subfield code="a">378 p.</subfield>
    <subfield code="b">facsims.</subfield>
    <subfield code="c">21 cm.</subfield>
  </datafield>
  <datafield tag="500" ind1=" " ind2=" ">
    <subfield code="a">In Arabic.</subfield>
  </datafield>
  <datafield tag="500" ind1=" " ind2=" ">
    <subfield code="a">"Bi-mun&#x101;sabat mur&#x16B;r rub&#x2BB; qarn &#x2BB;al&#xE1; ghur&#x16B;b Faylas&#x16B;f al-Firaykah."</subfield>
  </datafield>
  <datafield tag="504" ind1=" " ind2=" ">
    <subfield code="a">Bibliographical footnotes.</subfield>
  </datafield>
  <datafield tag="650" ind1=" " ind2="0">
    <subfield code="a">Authors, Arab</subfield>
    <subfield code="x">Correspondence.</subfield>
  </datafield>
  <datafield tag="700" ind1="1" ind2=" ">
    <subfield code="a">Rihani, Ameen Fares,</subfield>
    <subfield code="d">1876-1940.</subfield>
  </datafield>
  <datafield tag="999" ind1=" " ind2=" ">
    <subfield code="c">49592</subfield>
    <subfield code="d">49592</subfield>
  </datafield>
</record>
